| 000 | 00995nam a22002537a 4500 | ||
|---|---|---|---|
| 005 | 20170124103207.0 | ||
| 010 | _aA-397354 | ||
| 020 | _c90.00 | ||
| 035 | _aA-397354 | ||
| 037 | _bCen Lib/Ret | ||
| 040 |
_aDPL _bHN |
||
| 082 |
_a181.45 _bमिश्रज |
||
| 100 |
_aमिश्र, जयराम _994487 |
||
| 245 |
_aभगवान श्रीकृषण / _c जयराम मिश्र |
||
| 246 |
_aBhagvan shree krishan _b by Jayram Mishar |
||
| 260 |
_aइलाहाबाद _bलोक भारती प्रकाशन |
||
| 270 |
_a15, ए - महात्मा गाँधी मार्ग _bइलाहाबाद _e1 |
||
| 300 |
_a369पृष्ठ. _c20सेमी(सजिल्द) |
||
| 650 |
_aदर्शन शास्त्र _994488 |
||
| 650 |
_aकृषण लीला _91541 |
||
| 650 |
_aPhilosophy _994489 |
||
| 650 |
_aKrishna Leela _994490 |
||
| 942 |
_2ddc _cHN _h181.45 _mमिश्रज |
||
| 999 |
_c121088 _d121088 |
||